Harry Potter en images #2 - Statistiques

Statistiques générales
  • Ce quiz a été pris 7 677 fois
  • Le résultat moyen est 14 sur 20
Statistiques - réponses
Par images Hint Réponse % Correct
personnage Rubeus Hagrid
99%
famille Weasley
98%
maison Poufsouffle
95%
personnage Fleur Delacour
89%
lieu Chambre des Secrets
88%
objet Vif d'or
88%
sortilège Lumos
87%
portrait La Grosse Dame
78%
symbole Reliques de la Mort
78%
objet Carte du Maraudeur
72%
lieu Chemin de Traverse
70%
friandise Chocogrenouille
70%
marque Marque {des} {ténèbres}
70%
créature Épouvantard
66%
plante Mandragore
65%
chat Miss Teigne
63%
personnage Horace Slughorn
52%
société Armée de Dumbledore
49%
actrice Helena Bonham Carter
39%
youtubeuse Felix Felicis
20%
Aucun quiz correspondant
Distribution des résultats
% des personnes avec chaque résultat
Percentile par nombre de réponses
Votre historique - résultats
Vous n’avez pas pris ce quiz